000 00381nam a22001577a 4500
003 MPLRDC
005 20220104143710.0
008 210129b ||||| |||| 00| 0 eng d
082 _a857.9 LYS-31 v.2 c.2
100 _a梁羽生
245 _a绝塞传烽录. 下
_c
260 _a
_b伟青书店
_c
300 _b
650 _a武侠小说
942 _cBK
_o857.9 LYS-31 v.2 c.2
999 _c42463
_d42453